000
00270nam a2200109Ia 4500
001
588682
005
20250717120836.0
008
250717s9999 xx 000 0 und d
245
0
_a
Y-2 SELÇUKLU ASLANI
_c
ERHAN AKMAN
260
_b
YEDİTEPE YAYINLARI
_c
2019
300
_b
236
999
_c
588682
_d
588682